| Tag |
First Indicator |
Second Indicator |
Subfields |
| LEADER |
00000cam a2200000 4500 |
| 001 |
in00000044961 |
| 005 |
20151007065142.0 |
| 008 |
730306s1963 tu abc 00000 eng |
| 010 |
|
|
|a 67006614
|
| 035 |
|
|
|a (OCoLC)00569273
|
| 035 |
|
|
|9 AAE1393AM
|
| 040 |
|
|
|a DLC
|c KSU
|d TXA
|d UtOrBLW
|
| 049 |
|
|
|a TXAM
|c [469646]
|
| 050 |
0 |
0 |
|a TN5
|b .S87 1962
|
| 092 |
|
|
|a 552.063
|b S989, 1962
|
| 111 |
2 |
|
|a Symposium on Industrial Rocks and Minerals
|d (1962 :
|c Lahore)
|
| 245 |
1 |
0 |
|a Symposium on Industrial Rocks and Minerals. :
|b [Papers. Ankara, Turkey, Office of United States Economic Coordinator for CENTO Affairs].
|
| 264 |
|
1 |
|a Ankara, Turkey :
|b Office of United States Economic Coordinator for CENTO Affairs] Central Treaty Organization,
|c [1963]
|
| 300 |
|
|
|a 456 pages :
|b illustrations ;
|c 27 cm.
|
| 336 |
|
|
|a text
|b txt
|2 rdacontent
|
| 337 |
|
|
|a unmediated
|b n
|2 rdamedia
|
| 338 |
|
|
|a volume
|b nc
|2 rdacarrier
|
| 500 |
|
|
|a "Organized and financed by the United States under the Economic Committee of the Central Treaty Organization."
|
| 650 |
|
0 |
|a Mineral industries
|v Congresses.
|
| 710 |
2 |
|
|a Central Treaty Organization.
|
| 999 |
|
|
|a MARS
|
| 999 |
f |
f |
|s b1f5d822-f1cd-3d4c-8902-243f134c5976
|i 61ab9205-24b6-3c42-84f4-582ed434714c
|t 0
|
| 952 |
f |
f |
|p ric
|a Texas A&M University
|b Rellis Campus
|c Joint Library Facility
|d Remote Storage
|t 0
|e TN5 .S87 1962
|h Library of Congress classification
|i unmediated -- volume
|m A14800957181
|
| 998 |
f |
f |
|a TN5 .S87 1962
|t 0
|l Remote Storage
|